000 00263nam a2200097Ia 4500
008 230508s2009 xx 000 0 und d
041 _aeng
100 _aHAJARA CHOUDHARY
245 _aELEMENTS OF WORKSHOP TECHNOLOGY VOLL II
260 _bMEDIA PROMOTERS
_c2009
_g2009
999 _c338048
_d338048